Fiscal Councils in EU Member States: Impact on Fiscal Discipline
Vplyv fiškálnych rád v Európskej únii na verejné financie. Fiškálne rady dopĺňajú numerické fiškálne pravidlá a slúžia ako nástroj na obmedzovanie deficitu v krajinách EÚ, najmä prostredníctvom monitorovania dodržiavania fiškálnych pravidiel a potvrdenia makroekonomických a rozpočtových prognóz. Výv...
Gespeichert in:
| 1. Verfasser: | |
|---|---|
| Weitere Verfasser: | |
| Format: | Buchkapitel |
| Sprache: | Englisch |
| Schlagworte: | |
| Tags: |
Keine Tags, Fügen Sie das erste Tag hinzu!
|
MARC
| LEADER | 00000naa a2200000 4500 | ||
|---|---|---|---|
| 001 | 0290841 | ||
| 005 | 20230202075231.0 | ||
| 041 | 0 | |a eng | |
| 044 | |a CZ | ||
| 245 | 1 | 0 | |a Fiscal Councils in EU Member States: Impact on Fiscal Discipline |c Martin Gorčák, Stanislav Šaroch |
| 520 | |a Vplyv fiškálnych rád v Európskej únii na verejné financie. Fiškálne rady dopĺňajú numerické fiškálne pravidlá a slúžia ako nástroj na obmedzovanie deficitu v krajinách EÚ, najmä prostredníctvom monitorovania dodržiavania fiškálnych pravidiel a potvrdenia makroekonomických a rozpočtových prognóz. Vývoj fiškálnych pravidiel a fiškálnych rád v krajinách EÚ. Vplyv fiškálnych rád na rozpočet v krajinách EÚ. | ||
| 610 | 2 | 0 | |a politika fiškálna |
| 610 | 2 | 0 | |a financie verejné |
| 610 | 2 | 0 | |a deficit |
| 610 | 2 | 0 | |a kríza finančná |
| 610 | 2 | 0 | |a prognózy |
| 610 | 2 | 0 | |a legislatíva |
| 610 | 2 | 0 | |a Európska únia |
| 100 | 1 | |a Gorčák, Martin | |
| 700 | 1 | |a Šaroch, Stanislav | |